Lịch trình sinh mệnh con người /

Gorde:
Xehetasun bibliografikoak
Formatua: Sách giấy
Hizkuntza:Vietnamese
Argitaratua: Hà Nội : Khoa học và Kỹ thuật , 1999
Etiketak: Etiketa erantsi
Etiketarik gabe, Izan zaitez lehena erregistro honi etiketa jartzen!
Thư viện lưu trữ: Thư viện Trường Đại học Đà Lạt
LEADER 00593nam a2200241 4500
001 DLU020013732
005 ##6/20/2000
020 # # |a 978- 
041 # # |a vie 
082 # # |a 613  |b TR-N 
090 # # |a 613  |b TR-N 
245 # # |a Lịch trình sinh mệnh con người /  |c Trịnh Văn Định, Triệu Tuệ Trân 
260 # # |a Hà Nội :  |b Khoa học và Kỹ thuật ,  |c 1999 
300 # # |a 159 tr.;   |c 19 cm. 
992 # # |a 13000 
994 # # |a DLU 
900 # # |a False 
911 # # |a Administrator 
925 # # |a G 
926 # # |a A 
927 # # |a SH 
980 # # |a Thư viện Trường Đại học Đà Lạt